[Event "16th Spilimbergo Open 2018"]
[Site "Spilimbergo"]
[Date "2018.08.11"]
[Round "3.2"]
[White "Karthik Venkataraman"]
[Black "Nisipeanu, Liviu-Dieter"]
[Result "1/2-1/2"]
[WhiteElo "2502"]
[BlackElo "2657"]
[Annotator "TA"]
[PlyCount "80"]
[EventDate "2018.08.10"]
[EventType "swiss"]
[EventCountry "ITA"]
[SourceTitle "playchess.com"]
[Source "ChessBase"]
[SourceQuality "1"]

{[%evp 14,80,0,-81,32,0,0,0,0,-7,0,-35,0,4,0,-15,-18,-18,-14,-12,-13,-20,27,-105,0,0,29,22,22,35,29,21,81,33,27,43,57,-8,0,5,129,116,143,0,0,0,0,0,0,0,0,0,0,0,0,0,0,0,0,0,0,0,0,0,0,0,0,0,0]} 1. e4 e6 2. d4 d5 3. Nc3 Nf6 4. e5 Nfd7 5. Nce2 c5 6. c3 Nc6 7. Nf3 a5 {C11: French: Classical System: 4 e5 and 4 Bg5 dxe4} (7... Be7 8. a3 a5 9. Nf4 a4 10. Bd3 cxd4 11. cxd4 Qb6 12. Bc2 g5 13. Ne2 g4 14. Nfg1 Qa5+ 15. Bd2 Qa6 {1-0 (29) Dominguez Perez,L (2739)-Meier,G (2628) chess.com INT 2018}) 8. Nf4 {LiveBook: 3 Games} (8. a3 $11) 8... a4 (8... cxd4 $17 9. cxd4 Bb4+ 10. Bd2 g5 11. Bxb4 axb4) 9. a3 Qa5 10. Bd2 $146 ({Predecessor:} 10. Qd2 g5 11. Nxg5 cxd4 12. Be2 Ndxe5 13. O-O Bh6 14. h4 f6 15. Bh5+ {0-1 (38) Sengupta,D (2572)-Rathnakaran,K (2410) Canberra 2012}) 10... Qb6 {[%cal Rc5d4]} 11. c4 (11. Bc1 {is interesting.} cxd4 12. cxd4 g5 13. Nxg5 Nxd4 14. Nxf7 Kxf7 15. Qh5+) 11... Nxd4 12. cxd5 {Black must now prevent Nxd4.} Nxf3+ (12... Qxb2 $5 {[%cal Rd4c2]} 13. Nxd4 Qxd4 $11) 13. Qxf3 Nxe5 14. Qe4 Qxb2 15. Rb1 f5 16. Rxb2 fxe4 17. dxe6 c4 18. Bc3 (18. Nd5 $1 $11 {keeps the balance.} Bxa3 19. Rb5) 18... Bd6 ({Black should play} 18... Nd3+ $17 19. Bxd3 exd3) 19. Rb6 $1 $36 {[%cal Rb6d6][%mdl 2048] White is more active.} Bb8 20. Nh5 {Threatens to win with Rb5.} Rg8 21. Rb5 Nd3+ 22. Bxd3 $1 exd3 (22... cxd3 $11 {remains equal.} 23. Nxg7+ Rxg7 24. Bxg7 Bd6) 23. Nxg7+ Rxg7 24. Bxg7 {And now Be5 would win.} Ra6 25. Rb4 (25. Kd1 $14) 25... Rxe6+ 26. Kd1 Rg6 {[#]} (26... Re2 $1 $11) 27. Re1+ $1 $16 Kf7 {[#]} 28. Rxc4 (28. Be5 $1 $16 {[%cal Re5b8]} Bxe5 29. Rxe5 Rxg2 30. Rxc4 Bg4+ 31. Kd2) 28... Bg4+ $1 $11 {The position is equal.} 29. f3 Be6 30. Rb4 b5 $1 31. Be5 Rxg2 32. Bxb8 Bb3+ 33. Rxb3 $1 axb3 {[%mdl 4096] Endgame KRB-KR} 34. Be5 $1 b2 35. Bxb2 $1 Rxb2 {KR-KR} 36. Re3 Rb3 37. Re5 Kf6 38. Rd5 Ke6 39. Rh5 Rxa3 40. Rxb5 Ra2 {Precision: White = 47%, Black = 42%.} 1/2-1/2

[Event "16th Spilimbergo Open 2018"]
[Site "Spilimbergo"]
[Date "2018.08.11"]
[Round "3.3"]
[White "Jobava, Baadur"]
[Black "Basso, Pier Luigi"]
[Result "1-0"]
[WhiteElo "2646"]
[BlackElo "2494"]
[Annotator "TA"]
[PlyCount "97"]
[EventDate "2018.08.10"]
[EventType "swiss"]
[EventCountry "ITA"]
[SourceTitle "playchess.com"]
[Source "ChessBase"]
[SourceQuality "1"]

{[%evp 9,97,-7,0,0,0,-14,-17,-25,-22,-25,-22,-58,-31,-29,-25,-22,-12,-19,-17,-21,-20,-15,-8,-14,-4,-7,0,-24,-14,-47,11,27,31,23,52,57,36,48,54,0,0,0,0,0,0,0,0,0,0,0,0,0,157,157,225,157,225,225,225,225,225,225,225,225,225,225,225,225,200,200,477,431,1864,1834,5585,4962,29978,29979,29979,29980,29979,29980,29984,29985,29985,29986,29986,29987,29989,29990]} 1. b3 d5 2. Bb2 c6 3. e3 Nf6 4. Be2 (4. Nf3 Bg4 5. c4 e6 6. Be2 Nbd7 7. O-O Bd6 8. h3 Bh5 9. d4 Ne4 10. Nbd2 Nxd2 11. Nxd2 Bxe2 12. Qxe2 O-O 13. e4 dxe4 14. Nxe4 Be7 15. Rad1 Nf6 16. Nd2 Qa5 17. a3 {0-1 (126) Vachier Lagrave,M (2789)-Aronian,L (2805) Riadh 2017}) 4... h6 5. f4 $146 ({Predecessor:} 5. d3 g6 6. Nd2 Bg7 7. Ngf3 O-O 8. O-O Bg4 9. c4 Nbd7 10. Rc1 Ne8 11. Qc2 Bxb2 12. Qxb2 Bxf3 13. Nxf3 {½-½ (45) Ljubojevic,L (2615)-Govedarica,R (2440) Zagreb 1977}) 5... Bf5 6. Nf3 {A01: Nimzowitsch-Larsen Opening} e6 7. Nc3 Nbd7 8. d3 {The position is equal.} Bc5 9. Qd2 Qe7 10. h3 Bh7 11. O-O O-O 12. Nd1 Bb4 13. Qc1 a5 14. a4 Bd6 15. Ne5 Ne8 16. Nf2 f6 17. Nxd7 Qxd7 18. Kh1 e5 19. Bg4 Bf5 (19... Qf7 $15) 20. fxe5 $11 fxe5 21. e4 Bxg4 22. Nxg4 Rxf1+ 23. Qxf1 d4 24. Qf5 (24. Qf2 $14) 24... Qxf5 25. exf5 h5 26. Nf2 $36 {[%mdl 2048] White has the initiative.} Nf6 27. Bc1 e4 28. Nxe4 Nxe4 29. dxe4 {[%mdl 4096] Endgame KRB-KRB} Re8 30. Bd2 Rxe4 $2 ({Black should play} 30... Kf7 $11) 31. Re1 $1 $16 {[%cal Re1e4]} Rxe1+ 32. Bxe1 {KB-KB} Kf7 (32... Bb4 $16 {was necessary.} 33. Bg3 Bc3) 33. g4 $1 $18 hxg4 34. hxg4 Kf6 {With the idea ...Kg5.} 35. Kg2 $1 Ke5 {[#]} 36. Kf3 $1 (36. Bxa5 Kf4 $14) 36... Bb4 37. Bg3+ Kd5 38. g5 Be7 {[#]} 39. Kg4 $1 Ke4 $2 (39... Bd8 40. Kh5 (40. f6 g6 $16) 40... b5) 40. Bc7 Ke3 (40... b5 $142 41. Bxa5 bxa4 42. bxa4 c5) 41. Be5 Bf8 {[#]} 42. Bxg7 $1 {[%mdl 512]} Bxg7 {KB-KP} 43. f6 {White mates.} Bh8 44. Kf5 Kd2 45. g6 Kxc2 46. g7 Bxg7 47. fxg7 d3 48. g8=Q d2 49. Qc4+ {Precision: White = 75%, Black = 48%.} 1-0

[Event "16th Spilimbergo Open 2018"]
[Site "Spilimbergo"]
[Date "2018.08.11"]
[Round "3.4"]
[White "Altini, Nicola"]
[Black "Dreev, Aleksey"]
[Result "0-1"]
[WhiteElo "2425"]
[BlackElo "2635"]
[Annotator "TA"]
[PlyCount "89"]
[EventDate "2018.08.10"]
[EventType "swiss"]
[EventCountry "ITA"]
[SourceTitle "playchess.com"]
[Source "ChessBase"]
[SourceQuality "1"]

{[%evp 18,89,19,13,22,19,64,33,33,39,38,41,39,32,78,22,38,28,31,23,28,0,0,0,0,0,0,0,0,0,0,0,41,0,9,0,0,-63,-34,-22,-29,-94,-77,-97,-64,-131,-127,-220,-234,-222,-203,-205,-171,-347,-328,-516,-511,-747,-744,-722,-709,-1043,-1029,-800,-508,-495,-491,-434,-292,-628,-628,-620,-516,-688]} 1. d4 Nf6 2. c4 e6 3. Nf3 d5 4. Nc3 Nbd7 5. Bf4 dxc4 6. e3 Nb6 7. Bxc4 {D37: Queen's Gambit Declined: 5 Bf4} Nxc4 8. Qa4+ c6 9. Qxc4 Nd5 10. O-O {LiveBook: 10 Games} (10. Bg3 Qb6 11. O-O Qxb2 12. Ne4 Nb6 13. Qd3 Qb5 14. Qc2 Qa4 15. Qd3 Qb5 16. Qc2 Qa4 17. Qd3 Qb5 18. Qc2 {½-½ (18) Khismatullin,D (2627)-Zvjaginsev,V (2633) Yaroslavl 2018}) 10... Qb6 11. Ne4 Qxb2 $146 ({Predecessor:} 11... Nxf4 12. exf4 Be7 13. Rfe1 O-O 14. Qc2 Bd7 {½-½ (29) Jimenez Molina,G (2365)-Moskvichev,V (2403) ICCF email 2014}) 12. Nd6+ Bxd6 $1 13. Bxd6 Nb6 $1 {[%cal Rb6c4]} 14. Qc5 {[%mdl 1024] White has compensation.} Qb5 15. Rfc1 f6 16. Nd2 (16. Qc2 $16) 16... Kf7 17. a4 (17. Qa3 {with more complications.} Qa4 18. Qd3 Qb5 19. Qc2 Qa4 20. Qb1) 17... Qxc5 18. dxc5 Rd8 19. a5 Nd5 20. Nc4 e5 21. Rab1 Kg6 22. f3 Re8 23. Kf2 h5 24. Rb3 h4 25. Ra1 Rh8 26. Nd2 Rd8 27. Ra4 (27. Nc4 $11) 27... Nc7 $1 $15 28. Rxh4 Nb5 29. Nc4 (29. Rb2 $11 {remains equal.}) 29... Be6 $17 30. Rb4 {[#]} b6 $1 {[%mdl 512] ...bxc5 is the strong threat.} 31. axb6 (31. Rb2 $15) 31... axb6 32. Nxb6 {[#]} (32. Rb2 $17) 32... Ra2+ $1 $19 33. Kg3 Nxd6 34. cxd6 Rxd6 {Hoping for ...Rdd2.} 35. Nc4 $2 {[#]} (35. Rb1) 35... Rd1 $1 36. f4 (36. Rb6 $142 Re1 37. Nb2) 36... Rg1 37. fxe5 Rgxg2+ 38. Kf4 c5 39. Rb5 Bxc4 40. Rxc5 Be6 41. exf6 Kxf6 42. Ke4 Raf2 43. Rch5 $2 (43. Rf4+ Rxf4+ 44. exf4) 43... Bf5+ 44. Kd5 Rd2+ 45. Kc6 {Precision: White = 26%, Black = 56%.} 0-1

[Event "16th Spilimbergo Open 2018"]
[Site "Spilimbergo"]
[Date "2018.08.11"]
[Round "3.5"]
[White "Krishna C R G"]
[Black "Borisek, Jure"]
[Result "0-1"]
[WhiteElo "2402"]
[BlackElo "2576"]
[Annotator "TA"]
[PlyCount "46"]
[EventDate "2018.08.10"]
[EventType "swiss"]
[EventCountry "ITA"]
[SourceTitle "playchess.com"]
[Source "ChessBase"]
[SourceQuality "1"]

{[%evp 15,46,-12,-25,-16,0,-34,-45,-61,-26,-84,-85,-91,-85,-107,-100,-108,-105,-125,-119,-272,-278,-257,-276,-411,-417,-423,-416,-552,-551,-561,-560,-547,-529]} 1. d4 Nf6 2. Nf3 g6 3. Nc3 d5 4. Bf4 Bg7 5. e3 O-O 6. Be2 c5 7. dxc5 Nbd7 8. O-O Nxc5 {LiveBook: 40 Partien} 9. a4 $146 {D00: Damenbauernspiele} ({Vorgänger:} 9. Be5 Bg4 10. h3 Bxf3 11. Bxf3 e6 12. Qe2 Rc8 13. Rfd1 Qb6 14. Rab1 a6 15. a3 Ncd7 16. Bg3 Rfe8 {½-½ (30) Megaranto,S (2544)-Rodshtein,M (2637) Biel 2011}) 9... b6 10. Ra3 Bb7 11. Be5 {Schwarz steht etwas besser.} Ncd7 12. Bg3 (12. Bxf6 $11 Nxf6 13. a5) 12... a6 $1 $17 13. Ne5 e6 14. Bf3 Rc8 {[%cal Ba8c8,Bc8c4,Bc4c6,Bc6d6][%mdl 32]} 15. Ne2 Nc5 {[%cal Bd7c5,Bc5d3,Bd3f2][%mdl 32]} 16. Nd3 Nfe4 17. Be5 $2 (17. Bxe4 $17 {war einen Versuch wert.} Nxe4 18. Bf4) 17... Nxd3 $19 18. Bxg7 {[#]} Ndxf2 $1 ({Weniger gut wäre} 18... Kxg7 19. cxd3 Ng5 20. Nc3 $15) 19. Qd4 (19. Rxf2 $142 Nxf2 20. Qd4) 19... Rc4 20. Qe5 f6 21. Qxe6+ Kxg7 {Schwarz steht klar auf Gewinn.} 22. Rb3 Rc6 23. Nd4 {[#]} Rd6 $1 {Precision: Weiß = 19%, Schwarz = 80%.} ({Nur nicht} 23... Rxe6 $2 24. Nxe6+ Kf7 25. Nxd8+ Rxd8 26. Rxb6 $18 (26. Rxf2 Nxf2 27. Rxb6 Nh3+ 28. gxh3 Bc8 $16)) 0-1

[Event "16th Spilimbergo Open 2018"]
[Site "Spilimbergo"]
[Date "2018.08.11"]
[Round "3.6"]
[White "Skoberne, Jure"]
[Black "Aghayev, Miragha"]
[Result "1/2-1/2"]
[WhiteElo "2575"]
[BlackElo "2424"]
[Annotator "RC"]
[PlyCount "21"]
[EventDate "2018.08.10"]
[EventType "swiss"]
[EventCountry "ITA"]
[SourceTitle "playchess.com"]
[Source "ChessBase"]
[SourceQuality "1"]
[TimeControl "5400+30"]

1. d4 {[%emt 0:00:30]} Nf6 {[%emt 0:01:30]} 2. Nf3 {[%emt 0:00:00]} e6 {[%emt 0:00:30]} 3. Bf4 {[%emt 0:01:00]} c5 {[%emt 0:00:30]} 4. e3 {[%emt 0:01:30]} d5 {[%emt 0:05:30]} 5. c3 {[%emt 0:01:30]} Bd6 {[%emt 0:00:30]} 6. Bg3 {[%emt 0:07:30]} Qc7 {[%emt 0:01:30]} 7. Nbd2 {[%emt 0:02:30]} Nbd7 {[%emt 0:00:30]} 8. Bd3 {[%emt 0:02:30]} O-O {[%emt 0:00:30]} 9. Bxd6 {[%emt 0:00:30]} Qxd6 {[%emt 0:00:30]} 10. O-O {[%emt 0:00:30]} e5 {[%emt 0:00:00]} 11. dxe5 {[%emt 0:02:30]} 1/2-1/2

[Event "16th Spilimbergo Open 2018"]
[Site "Spilimbergo"]
[Date "2018.08.11"]
[Round "3.7"]
[White "Solomon, Kenny"]
[Black "Brunello, Sabino"]
[Result "1/2-1/2"]
[WhiteElo "2395"]
[BlackElo "2555"]
[Annotator "TA"]
[PlyCount "60"]
[EventDate "2018.08.10"]
[EventType "swiss"]
[EventCountry "ITA"]
[SourceTitle "playchess.com"]
[Source "ChessBase"]
[SourceQuality "1"]

{[%evp 21,60,37,46,8,13,0,6,4,21,5,21,4,24,26,29,35,41,23,20,19,20,0,0,0,13,14,51,57,85,0,0,0,0,0,0,0,132,112,116,105,107]} 1. d4 Nf6 2. Nf3 e6 3. c4 c5 4. d5 exd5 5. cxd5 d6 6. Nc3 g6 7. Bf4 Bg7 8. e3 {A61: Modern Benoni: Nf3 without early e4} O-O 9. h3 Qe7 10. Be2 (10. Nd2 Nh5 11. Bh2 f5 12. Be2 f4 13. O-O fxe3 14. Nde4 exf2+ 15. Kh1 Bxc3 16. Nxc3 {0-1 (49) Xiong,J (2665)-Caruana,F (2804) Saint Louis 2018}) 10... Nbd7 11. O-O Ne8 {LiveBook: 6 Games} 12. Qc2 Ne5 13. Nd2 f5 14. Bg3 $146 ({Predecessor:} 14. Bh2 Bd7 15. Rae1 Nc7 {1-0 (41) Estrada Lavin,C (2080)-Bulgarini Torre,M (1889) Quilpué 2016}) 14... g5 15. f4 Ng6 16. Nc4 Bd7 17. a4 gxf4 18. exf4 Nc7 19. Rfe1 Qf6 20. Kh2 Rfe8 21. Bh5 Rxe1 22. Rxe1 Re8 23. Rd1 {[%cal Be1d1,Bd1d3,Bd3g3][%mdl 32]} b5 (23... Re7 {looks sharper.} 24. Qf2 Re8 25. Qd2 Bh6 26. b3 b6) 24. axb5 Nxb5 25. Nxb5 (25. Ra1 $16) 25... Bxb5 $11 26. b3 Bxc4 27. bxc4 Re3 28. Rd3 Rxg3 (28... Rxd3 $11 {remains equal.} 29. Qxd3 Bh6) 29. Rxg3 $16 {[#] Black must now prevent Qa4.} Nxf4 30. Qa4 {Threatening mate with Qe8+.} Qe5 {Precision: White = 46%, Black = 80%.} 1/2-1/2

[Event "16th Spilimbergo Open 2018"]
[Site "Spilimbergo"]
[Date "2018.08.11"]
[Round "3.8"]
[White "Bosiocic, Marin"]
[Black "Collutiis, Duilio"]
[Result "*"]
[WhiteElo "2590"]
[BlackElo "2415"]
[Annotator "ChessBase"]
[PlyCount "111"]
[EventDate "2018.08.10"]
[EventType "swiss"]
[EventCountry "ITA"]
[SourceTitle "playchess.com"]
[Source "ChessBase"]
[SourceQuality "1"]
[TimeControl "5400+30"]

1. e4 {[%emt 0:00:30]} c5 {[%emt 0:00:30]} 2. Nf3 {[%emt 0:00:00]} e6 {[%emt 0:00:30]} 3. d4 {[%emt 0:00:00]} cxd4 {[%emt 0:00:00]} 4. Nxd4 {[%emt 0:00:00]} Nc6 {[%emt 0:00:00]} 5. Nc3 {[%emt 0:00:00]} Qc7 {[%emt 0:00:30]} 6. Be2 {[%emt 0:00:30]} a6 {[%emt 0:00:30]} 7. a3 {[%emt 0:00:00]} b5 {[%emt 0:00:30]} 8. Nxc6 {[%emt 0:00:00]} Qxc6 {[%emt 0:02:30]} 9. Bf3 {[%emt 0:00:30]} Bb7 {[%emt 0:03:30]} 10. Be3 {[%emt 0:06:30]} Ne7 {[%emt 0:05:30]} 11. O-O {[%emt 0:00:30]} Ng6 {[%emt 0:02:30]} 12. Qd4 {[%emt 0:05:30]} Qc7 {[%emt 0:07:30]} 13. a4 {[%emt 0:04:30]} b4 {[%emt 0:03:30]} 14. Na2 {[%emt 0:00:30]} Ne5 {[%emt 0:02:30]} 15. Nxb4 {[%emt 0:14:30]} Nxf3+ {[%emt 0:03:30]} 16. gxf3 {[%emt 0:00:30]} Bd6 {[%emt 0:04:30]} 17. Nd3 {[%emt 0:01:30]} O-O {[%emt 0:02:30]} 18. f4 {[%emt 0:04:30]} f5 {[%emt 0:00:30]} 19. e5 {[%emt 0:00:30]} Be7 {[%emt 0:00:30]} 20. Qb6 {[%emt 0:04:30]} Qc8 {[%emt 0:03:30]} 21. Bc5 {[%emt 0:02:30]} Bd8 {[%emt 0:04:30]} 22. Qb4 {[%emt 0:03:30]} Rf7 {[%emt 0:00:30]} 23. f3 {[%emt 0:02:30]} h6 {[%emt 0:01:30]} 24. Kf2 {[%emt 0:02:30]} Qc6 {[%emt 0:07:30]} 25. Ke3 {[%emt 0:00:30]} Rc8 {[%emt 0:01:30]} 26. Ra3 {[%emt 0:06:30]} g5 {[%emt 0:12:30]} 27. Rc3 {[%emt 0:06:30]} a5 {[%emt 0:03:30]} 28. Qb5 {[%emt 0:01:30]} Ba6 {[%emt 0:05:30]} 29. Qxc6 {[%emt 0:00:30]} Rxc6 {[%emt 0:00:30]} 30. Rg1 {[%emt 0:04:30]} Rg7 {[%emt 0:00:00]} 31. Kd2 {[%emt 0:01:30]} Rc8 {[%emt 0:03:00]} 32. Be3 {[%emt 0:05:30]} Rxc3 {[%emt 0:00:30]} 33. Kxc3 {[%emt 0:00:00]} Bb7 {[%emt 0:00:00]} 34. fxg5 {[%emt 0:05:20]} hxg5 {[%emt 0:00:00]} 35. f4 {[%emt 0:00:03]} g4 {[%emt 0:00:30]} 36. Bf2 {[%emt 0:00:13]} Rh7 {[%emt 0:01:33]} 37. Bg3 {[%emt 0:00:05]} Bc6 {[%emt 0:00:27]} 38. b4 {[%emt 0:02:37]} axb4+ {[%emt 0:02:41]} 39. Nxb4 {[%emt 0:00:06]} Ba5 {[%emt 0:00:06]} 40. Kb3 {[%emt 0:00:06]} Bf3 {[%emt 0:00:51]} 41. Kc4 {[%emt 0:03:55]} Kf7 {[%emt 0:01:51]} 42. Kb5 {[%emt 0:00:10]} Bxb4 {[%emt 0:01:03]} 43. Kxb4 {[%emt 0:00:33]} Ke7 {[%emt 0:00:16]} 44. a5 {[%emt 0:02:09]} Rh8 {[%emt 0:02:34]} 45. c4 {[%emt 0:03:08]} Kd8 {[%emt 0:02:31]} 46. a6 {[%emt 0:01:50]} Kc7 {[%emt 0:00:40]} 47. Kc5 {[%emt 0:00:59]} Ra8 {[%emt 0:01:28]} 48. Ra1 {[%emt 0:01:06]} Bb7 {[%emt 0:00:10]} 49. a7 {[%emt 0:00:40]} Bc6 {[%emt 0:01:34]} 50. Bf2 {[%emt 0:01:22]} Rh8 {[%emt 0:00:49]} 51. Bg1 {[%emt 0:00:33]} Ba8 {[%emt 0:01:34]} 52. Rb1 {[%emt 0:01:09]} Bb7 {[%emt 0:01:43]} 53. Rb2 {[%emt 0:05:27]} Rh3 {[%emt 0:02:14]} 54. Kb4 {[%emt 0:01:23]} Rf3 {[%emt 0:01:45]} 55. Bc5 {[%emt 0:00:19]} Bc6 {[%emt 0:01:29]} 56. Ka5 {[%emt 0:01:09]} *

[Event "16th Spilimbergo Open 2018"]
[Site "Spilimbergo"]
[Date "2018.08.11"]
[Round "3.9"]
[White "Krysa, Leandro"]
[Black "Borgo, Giulio"]
[Result "1-0"]
[WhiteElo "2523"]
[BlackElo "2400"]
[Annotator "TA"]
[PlyCount "59"]
[EventDate "2018.08.10"]
[EventType "swiss"]
[EventCountry "ITA"]
[SourceTitle "playchess.com"]
[Source "ChessBase"]
[SourceQuality "1"]

{[%evp 24,59,3,13,18,35,34,31,35,36,44,42,29,39,41,35,45,45,81,76,74,32,37,39,87,71,91,12,18,0,31,39,170,170,233,222,5406,5393]} 1. d4 d5 2. c4 e6 3. Nf3 {[%cal Bg1f3,Bf3d2,Bd2b3][%mdl 32]} Nf6 4. Nc3 c6 5. Bg5 Nbd7 6. e3 Qa5 7. Nd2 Bb4 8. Qc2 O-O 9. Be2 e5 10. O-O exd4 11. Nb3 Qb6 {D52: Damengambit (Cambridge-Springs-Variante)} (11... Qc7 12. Nxd4 dxc4 13. Bxc4 Bd6 14. h3 Be5 {½-½ (14) Moradiabadi,E (2538)-Vitiugov,N (2734) Helsingor 2018}) 12. exd4 dxc4 13. Bxc4 {LiveBook: 26 Partien} Qd8 $146 {Die Stellung ist ausgeglichen.} ({Vorgänger:} 13... a5 14. Ne4 Be7 15. Rfe1 Qd8 16. Bd3 h6 17. Bh4 Nxe4 18. Bxe7 Qxe7 19. Rxe4 {0-1 (40) Can,E (2565)-Moroni,L (2459) Baku 2016}) 14. Rfe1 Nb6 15. Bd3 {[#] Droht Lxh7+! und aus.} h6 16. Bh4 Be6 17. Rad1 Nbd7 18. a3 $36 {[%mdl 2048] Weiss hat Initiative.} Be7 19. Nc5 Nxc5 20. dxc5 Nd5 21. Bxe7 Qxe7 22. Ne4 {[%cal Bc3e4,Be4d6,Bd6c4,Bc4e5][%mdl 32]} Rfd8 23. Nd6 b6 24. Bh7+ Kf8 25. Bf5 (25. Rd3 $16) 25... bxc5 $11 26. Nc4 Nc7 27. Bxe6 Nxe6 (27... Rxd1 $14 28. Rxd1 (28. Qxd1 Nxe6 29. Ne5 Qc7 $15) 28... Qxe6) 28. Qh7 $18 {[%cal Rh7h8]} Qf6 {[#]} (28... Qg5 {war einen Versuch wert.}) 29. Ne5 $1 {[%mdl 1024] Weiss hat starke Kompensation.} g5 $2 (29... Qxe5 30. Rxd8+ Rxd8 31. Qh8+ (31. Rxe5 $2 {wird mattgesetzt.} Rd1+ 32. Re1 Rxe1#) 31... Ke7 32. Qxd8+ (32. Rxe5 $2 {führt zum Matt.} Rd1+ 33. Re1 Rxe1#) 32... Kxd8 33. Rxe5 Kd7) 30. Rd7 {Precision: Weiß = 72%, Schwarz = 23%.} 1-0

[Event "16th Spilimbergo Open 2018"]
[Site "Spilimbergo"]
[Date "2018.08.11"]
[Round "3.10"]
[White "Carnicelli, Valerio"]
[Black "Rombaldoni, Denis"]
[Result "0-1"]
[WhiteElo "2315"]
[BlackElo "2508"]
[Annotator "TA"]
[PlyCount "56"]
[EventDate "2018.08.10"]
[EventType "swiss"]
[EventCountry "ITA"]
[SourceTitle "playchess.com"]
[Source "ChessBase"]
[SourceQuality "1"]

{[%evp 12,56,58,54,63,62,74,62,77,56,57,41,30,29,41,36,31,29,39,35,43,0,0,0,0,-31,-22,-26,-2,-29,-16,-21,-8,-22,0,0,0,-65,-72,-109,-93,-100,-83,-150,-156,-269,-253]} 1. e4 d6 2. d4 Nf6 3. Nc3 g6 4. f3 Bg7 5. Be3 c6 6. a4 h5 {B07: Pirc Defence: Miscellaneous Systems} (6... a5 7. Qd2 Na6 8. Bc4 Nb4 9. Na2 d5 10. Nxb4 dxc4 11. Na2 O-O 12. Ne2 b5 13. O-O e6 14. b3 cxb3 15. cxb3 {1-0 (43) Taher,Y (2350)-Lu,S (2628) Ashkhabad 2017}) 7. Qd2 {LiveBook: 4 Games} Nbd7 8. Nh3 $146 ({Predecessor:} 8. Bc4 e6 9. Bb3 d5 10. e5 Ng8 11. Nce2 c5 12. c3 Ne7 13. f4 b6 14. Bc2 {0-1 (63) Tan,W (2222)-Tran,T (2266) Ho Chi Minh City 2012}) 8... Nf8 {White is slightly better.} 9. Ng5 d5 10. e5 Ng8 11. Bd3 f6 12. exf6 exf6 13. Nh3 Bxh3 14. gxh3 Qd7 15. Rg1 Ne7 16. h4 (16. O-O-O {looks sharper.} Nf5 17. Bf4 Kf7 18. Qf2 Re8 19. a5) 16... Nf5 17. Bxf5 Qxf5 18. f4 Kf7 19. O-O-O Re8 20. Qf2 Nd7 {[%cal Bf8d7,Bd7b6,Bb6c4][%mdl 32]} 21. Kb1 Nb6 22. Bc1 Nc4 $36 {[%mdl 2048] White is under pressure.} 23. Ne2 {Hoping for Ng3.} Qe6 24. Ng3 (24. Qg2 $11 f5 25. b3) 24... f5 $1 $15 25. Qg2 Nd6 26. Rd3 Qf6 27. b3 (27. Nf1 $142) 27... Re6 $17 28. Qh3 (28. Nf1 $17) 28... Rhe8 {Precision: White = 52%, Black = 65%.} 0-1

[Event "16th Spilimbergo Open 2018"]
[Site "Spilimbergo"]
[Date "2018.08.11"]
[Round "3.11"]
[White "Korpa, Bence"]
[Black "Santagati, Alessandro"]
[Result "1-0"]
[WhiteElo "2506"]
[BlackElo "2312"]
[Annotator "ChessBase"]
[PlyCount "53"]
[EventDate "2018.08.10"]
[EventType "swiss"]
[EventCountry "ITA"]
[SourceTitle "playchess.com"]
[Source "ChessBase"]
[SourceQuality "1"]
[TimeControl "5400+30"]

1. Nf3 {[%emt 0:00:30]} d5 {[%emt 0:00:30]} 2. g3 {[%emt 0:00:00]} Nf6 {[%emt 0:00:00]} 3. Bg2 {[%emt 0:00:00]} e6 {[%emt 0:00:00]} 4. O-O {[%emt 0:00:30]} Be7 {[%emt 0:00:00]} 5. d3 {[%emt 0:00:30]} O-O {[%emt 0:01:00]} 6. Nbd2 {[%emt 0:00:00]} c5 {[%emt 0:03:30]} 7. e4 {[%emt 0:01:00]} Nc6 {[%emt 0:00:30]} 8. Re1 {[%emt 0:00:00]} b5 {[%emt 0:03:30]} 9. e5 {[%emt 0:00:00]} Nd7 {[%emt 0:00:30]} 10. Nf1 {[%emt 0:00:30]} Nb6 {[%emt 0:03:30]} 11. h4 {[%emt 0:00:30]} f5 {[%emt 0:07:30]} 12. exf6 {[%emt 0:00:30]} Bxf6 {[%emt 0:00:30]} 13. Ne3 {[%emt 0:13:30]} e5 {[%emt 0:07:30]} 14. c4 {[%emt 0:03:30]} bxc4 {[%emt 0:01:30]} 15. dxc4 {[%emt 0:00:00]} d4 {[%emt 0:00:30]} 16. Nd5 {[%emt 0:01:00]} Nxc4 {[%emt 0:04:30]} 17. Ng5 {[%emt 0:00:30]} Bf5 {[%emt 0:03:30]} 18. Nxf6+ {[%emt 0:08:30]} Rxf6 {[%emt 0:00:30]} 19. g4 {[%emt 0:00:30]} Bg6 {[%emt 0:12:30]} 20. h5 {[%emt 0:00:00]} Bf7 {[%emt 0:01:30]} 21. Qd3 {[%emt 0:00:00]} e4 {[%emt 0:01:30]} 22. Qxe4 {[%emt 0:00:30]} N4e5 {[%emt 0:03:30]} 23. Qxh7+ {[%emt 0:09:30]} Kf8 {[%emt 0:00:30]} 24. Nxf7 {[%emt 0:00:30]} Nxf7 {[%emt 0:01:30]} 25. g5 {[%emt 0:00:30]} Qa5 {[%emt 0:04:30]} 26. b4 {[%emt 0:02:30]} Qxb4 {[%emt 0:01:30]} 27. Ba3 {[%emt 0:00:30]} 1-0